Statistiques concernant Effectif Real Madrid (2023-2024)

Cliquez ici pour prendre le quiz!

Statistiques générales

  • Ce quiz a été pris 149 fois
    (100 depuis la dernière actualisation)
  • Le résultat moyen est 20 sur 23

Statistiques - réponses

PosteNationalitéJoueur% Correct
GardienBelgiqueThibault Courtois
100%
MilieuFranceEduardo Camavinga
99%
MilieuCroatieLuka Modric
97%
DéfenseurAllemagneAntonio Rüdiger
96%
MilieuFranceAurélien Tchouaméni
95%
DéfenseurAutricheDavid Alaba
95%
DéfenseurBrésilÉder Militão
95%
MilieuAllemagneToni Kroos
94%
AttaquantBrésilVinicius Junior
94%
MilieuUruguayFederico Valverde
91%
MilieuAngleterreJude Bellingham
91%
AttaquantBrésilRodrygo
91%
DéfenseurEspagneDani Carvajal
90%
DéfenseurFranceFerland Mendy
90%
AttaquantEspagneJoselu
86%
GardienUkraineAndriy Lunin
85%
GardienEspagneKepa Arrizabalaga
85%
DéfenseurEspagneNacho Fernández
79%
MilieuTurquieArda Güler
74%
DéfenseurEspagneLucas Vázquez
60%
MilieuEspagneDani Ceballos
59%
MilieuEspagneBrahim Díaz
58%
DéfenseurEspagneFran García
56%

Distribution des résultats

Percentile par nombre de réponses

% des personnes avec chaque résultat

Votre développement - résultats

Vous n’avez pas pris ce quiz depuis la dernière actualisation